Normal view
MARC view
- تأليف: بادينتير، روبير ؛ ترجمة: عبدالهادي عباس ؛ مراجعة : موريس جلال
Entry Personal Name
001 - CONTROL NUMBER
- control field: 21382
003 - CONTROL NUMBER IDENTIFIER
- control field: JO-AjAnu
005 - DATE AND TIME OF LATEST TRANSACTION
- control field: 20230606073715.0
008 - FIXED-LENGTH DATA ELEMENTS
- fixed length control field: 230606|| aca||aabn | a|a d
040 ## - CATALOGING SOURCE
- Original cataloging agency: JO-AjAnu
- Transcribing agency: JO-AjAnu
100 ## - HEADING--PERSONAL NAME
- Personal name: تأليف: بادينتير، روبير ؛ ترجمة: عبدالهادي عباس ؛ مراجعة : موريس جلال
670 ## - SOURCE DATA FOUND
- Source citation: Work cat.: (JO-AjAnu)10985: تأليف: بادينتير، روبير ؛ ترجمة: عبدالهادي عباس ؛ مراجعة : موريس جلال, author, الإلغاء : إلغاء عقوبة الاعدام = L'ABOLITION